American Banker Magazine

Detalles Bibliográficos
Formato: Libro
Lenguaje:inglés
Publicado: [s.l.] : Asianet, 2013 -
Materias:
Acceso en línea:Acceso restringido

MARC

LEADER 00000nam a22000007a 4500
005 2014102305395.0
007 cr|||| ||||
008 141023c20149999us mr|ws |||| 0|||a1eng d
035 |a 12393 
040 |a vLex 
090 |c 5268  |d 5268 
245 0 0 |a American Banker Magazine  |h [Recurso electrn̤ico] 
256 |a Servicio en ln̕ea 
260 |a [s.l.] :  |b Asianet,  |c 2013 - 
300 |a 1 recurso en ln̕ea 
506 0 |a Contenido solo disponible en los productos indicados  |d vLex Global  |d vLex Global (Academic Edition, excluding Law Schools)  |d vLex Global (U.S. Academic Edition, Law Schools)  |d vLex Global (U.S. Academic Edition, excluding Law Schools)  |d vLex Global (Academic Edition, Law Schools) 
650 0 4 |a Agencias de noticias   |z Estados Unidos 
740 0 |a vLex Revistas (Servicio en ln̕ea) 
856 4 0 |u http://vlex.com/source/american-banker-12393  |z Acceso restringido 
942 |c REV 
999 0 |a News agencies